[Event "13th EICC"]
[Site "Plovdiv BUL"]
[Date "2012.03.31"]
[Round "11.50"]
[White "Onischuk, Vladimir"]
[Black "Edouard, Romain"]
[Result "0-1"]
[WhiteTitle "GM"]
[BlackTitle "GM"]
[WhiteElo "2516"]
[BlackElo "2607"]
[WhiteFideId "14114038"]
[BlackFideId "633429"]
[EventDate "2012.03.20"]
[EventType "swiss"]

1. e4 e6 2. d3 c5 3. Nc3 Nc6 4. g3 g6 5. Bg2 Bg7 6. f4 Nge7 7. Nf3 O-O 8. h4 h5
9. O-O d5 10. Ng5 dxe4 11. dxe4 b6 12. Be3 Ba6 13. Rf2 Na5 14. Rd2 Qc8 15. Bf1
Nc4 16. Bxc4 Bxc4 17. e5 Nf5 18. Bf2 Ba6 19. g4 hxg4 20. Qxg4 Qc6 21. Rad1 Bb7
22. Nce4 Bh6 23. Rd6 Nxd6 24. Rxd6 Qa4 25. Nf6+ Kh8 26. b3 Qxa2 27. Qd1 Kg7 0-1

[Event "13th EICC"]
[Site "Plovdiv BUL"]
[Date "2012.03.31"]
[Round "11.51"]
[White "Aleksandrov, Aleksej"]
[Black "Fodor, Tamas Jr."]
[Result "1-0"]
[WhiteTitle "GM"]
[BlackTitle "FM"]
[WhiteElo "2604"]
[BlackElo "2482"]
[WhiteFideId "13500139"]
[BlackFideId "723762"]
[EventDate "2012.03.20"]
[EventType "swiss"]

1. d4 d5 2. c4 c6 3. Nf3 Nf6 4. e3 e6 5. Bd3 Nbd7 6. O-O Bd6 7. Nc3 dxc4 8. Bxc4
b5 9. Bd3 Bb7 10. Ne2 O-O 11. Ng3 Re8 12. Bd2 e5 13. Qc2 exd4 14. exd4 Nf8 15.
Nf5 Ng6 16. Nxd6 Qxd6 17. Rfe1 Nf4 18. Bxf4 Qxf4 19. Qc5 g6 20. Rxe8+ Rxe8 21.
Qxa7 Bc8 22. Qc5 Be6 23. Qxc6 Bd5 24. Qc1 Qxc1+ 25. Rxc1 Bxa2 26. Ne5 Be6 27. g3
b4 28. Bc4 Rc8 29. b3 Nd5 30. Ra1 Nc3 31. Bxe6 fxe6 32. Kf1 Nb5 33. Ra4 Nxd4 34.
Rxb4 Rc1+ 35. Kg2 Nf5 36. Rb8+ Kg7 37. Rb7+ Kg8 38. h4 Rc2 39. b4 Ne3+ 40. Kf3
Nd5 41. b5 Rb2 42. Kg2 Ne3+ 43. Kg1 Nd5 44. Kf1 Rb1+ 45. Kg2 Rb2 46. Nd3 Rd2 47.
Nc5 e5 48. b6 Rb2 49. Rb8+ Kg7 50. b7 1-0

[Event "13th EICC"]
[Site "Plovdiv BUL"]
[Date "2012.03.31"]
[Round "11.54"]
[White "Esen, Baris"]
[Black "Potkin, Vladimir"]
[Result "1/2-1/2"]
[WhiteTitle "GM"]
[BlackTitle "GM"]
[WhiteElo "2555"]
[BlackElo "2669"]
[WhiteFideId "6302114"]
[BlackFideId "4131061"]
[EventDate "2012.03.20"]
[EventType "swiss"]

1. d4 Nf6 2. c4 g6 3. Nf3 Bg7 4. g3 d5 5. cxd5 Nxd5 6. Bg2 Nb6 7. Nc3 Nc6 8. e3
O-O 9. O-O Re8 10. d5 Na5 11. Nd4 Bd7 12. Nb3 Nxb3 13. axb3 c6 14. dxc6 Bxc6 15.
Bxc6 bxc6 16. Qc2 Nd5 17. Rd1 Nb4 18. Qe2 Qb6 19. Qc4 Red8 20. Bd2 Nd3 21. Na4
Qb7 22. Bc3 Bxc3 23. Rxd3 Bb4 24. Rad1 Rxd3 25. Rxd3 Rb8 26. Nc3 Bxc3 27. Rxc3
Rc8 28. Qe4 e6 29. h4 h5 30. Rd3 Qc7 31. Rc3 Qd6 32. Qc2 Rd8 33. Rxc6 Qd1+ 34.
Qxd1 Rxd1+ 35. Kg2 Rd3 36. Rc7 Rxb3 37. Rxa7 Rxb2 38. Ra8+ Kg7 39. Ra7 Kf6 40.
Kf3 Rc2 41. Rb7 1/2-1/2

[Event "13th EICC"]
[Site "Plovdiv BUL"]
[Date "2012.03.31"]
[Round "11.55"]
[White "Jankovic, Alojzije"]
[Black "Lysyj, Igor"]
[Result "1/2-1/2"]
[WhiteTitle "GM"]
[BlackTitle "GM"]
[WhiteElo "2553"]
[BlackElo "2656"]
[WhiteFideId "14505959"]
[BlackFideId "4150120"]
[EventDate "2012.03.20"]
[EventType "swiss"]

1. d4 d5 2. c4 c6 3. cxd5 cxd5 4. Nc3 Nf6 5. Nf3 Nc6 6. Bf4 Bf5 7. e3 e6 8. Bd3
Bxd3 9. Qxd3 Bd6 10. Bxd6 Qxd6 11. O-O O-O 12. Rfc1 Rfc8 13. Nb5 Qf8 14. a3 Ne4
15. Nc3 Nxc3 16. Rxc3 Ne7 17. Rac1 Rxc3 18. Rxc3 Rc8 19. Nd2 Rxc3 20. Qxc3 Qc8
21. Qxc8+ Nxc8 22. Kf1 Kf8 23. Ke2 Ke7 24. Kd3 Nd6 25. h4 h5 26. g3 g6 27. b3 b6
28. a4 a5 29. Kc3 Kd7 30. Kd3 Kc6 31. Kc3 Kb7 32. Kd3 Kc8 33. Kc3 Kc7 34. Kd3
Kc6 35. Kc3 b5 36. Kd3 b4 37. Ke2 Kd7 38. Kf3 Ke7 39. Ke2 Kd7 40. Kd3 Kc6 41.
Ke2 Kd7 1/2-1/2

[Event "13th EICC"]
[Site "Plovdiv BUL"]
[Date "2012.03.31"]
[Round "11.56"]
[White "Grandelius, Nils"]
[Black "Roiz, Michael"]
[Result "1/2-1/2"]
[WhiteTitle "GM"]
[BlackTitle "GM"]
[WhiteElo "2545"]
[BlackElo "2652"]
[WhiteFideId "1710400"]
[BlackFideId "2804158"]
[EventDate "2012.03.20"]
[EventType "swiss"]

1. d4 Nf6 2. c4 e6 3. Nf3 d5 4. Nc3 Nbd7 5. Bg5 h6 6. Bh4 Be7 7. e3 O-O 8. Rc1
c5 9. cxd5 Nxd5 10. Bxe7 Nxe7 11. Bd3 Nc6 12. Bb1 cxd4 13. Nxd4 Nxd4 14. Qxd4
Nf6 15. Qb4 a5 16. Qb3 Bd7 17. O-O Bc6 18. Rfd1 Qe7 19. h3 Rfd8 20. Rxd8+ Qxd8
21. Rd1 Qc7 22. Qc4 Rd8 23. Rd4 Rd7 24. Rxd7 Qxd7 25. Qd3 Kf8 26. Qxd7 Bxd7 27.
Ne4 Nxe4 28. Bxe4 b6 29. Kf1 Ke7 30. Ke2 Kd6 31. h4 e5 32. Kd3 Be6 33. a3 f6 34.
g3 g5 35. Kc3 gxh4 36. gxh4 Kc5 37. b4+ axb4+ 38. axb4+ Kd6 39. f4 Bf7 40. Bc2
Be6 41. Bd3 1/2-1/2

[Event "13th EICC"]
[Site "Plovdiv BUL"]
[Date "2012.03.31"]
[Round "11.57"]
[White "Iordachescu, Viorel"]
[Black "Gabrielian, Artur"]
[Result "0-1"]
[WhiteTitle "GM"]
[BlackTitle "GM"]
[WhiteElo "2644"]
[BlackElo "2554"]
[WhiteFideId "13900200"]
[BlackFideId "4131002"]
[EventDate "2012.03.20"]
[EventType "swiss"]

1. e4 c5 2. Nf3 e6 3. Nc3 d6 4. d4 cxd4 5. Nxd4 Nf6 6. g4 Nc6 7. g5 Nd7 8. h4
Be7 9. Be3 O-O 10. f4 a6 11. a3 Nxd4 12. Qxd4 b5 13. h5 e5 14. Qd2 exf4 15. Bxf4
Ne5 16. Be2 Be6 17. O-O-O Rb8 18. Rhg1 b4 19. axb4 Rxb4 20. Nd5 Rxe4 21. Nf6+
Bxf6 22. gxf6 Qxf6 23. Bg5 Ra4 24. Qe3 Qf5 25. Rdf1 Qe4 26. Qxe4 Rxe4 27. Bxa6
Ra8 28. Bb7 Ra1+ 29. Kd2 Rxf1 30. Rxf1 Rb4 31. Bh1 Rxb2 32. h6 Rb5 33. Ra1 Rb8
34. Ra7 gxh6 35. Bxh6 Ng4 36. Bf4 Rb4 37. Bg3 Ne5 38. Ra5 Rb1 39. Ra8+ Kg7 40.
Be4 Rb4 41. Bd3 h5 42. Ke3 h4 43. Be1 Rg4 44. Be2 h3 45. Bxg4 h2 46. Bf3 Nxf3
47. Ra1 Nxe1 0-1

[Event "13th EICC"]
[Site "Plovdiv BUL"]
[Date "2012.03.31"]
[Round "11.60"]
[White "Delchev, Aleksander"]
[Black "Fedoseev, Vladimir3"]
[Result "1-0"]
[WhiteTitle "GM"]
[BlackTitle "GM"]
[WhiteElo "2622"]
[BlackElo "2548"]
[WhiteFideId "2900394"]
[BlackFideId "24130737"]
[EventDate "2012.03.20"]
[EventType "swiss"]

1. d4 d6 2. Nf3 g6 3. c4 Bg7 4. Nc3 Bg4 5. e3 Nf6 6. h3 Bxf3 7. Qxf3 c6 8. g3
O-O 9. Bg2 e5 10. d5 Qb6 11. O-O Qa6 12. Rd1 Qxc4 13. dxc6 Qxc6 14. Qxc6 Nxc6
15. Rxd6 Rfd8 16. Rxd8+ Rxd8 17. Bxc6 bxc6 18. e4 Bf8 19. Be3 Bb4 20. Rc1 Rd3
21. Na4 a5 22. Rc4 h5 23. Kg2 Rd1 24. Kf3 h4 25. Rxc6 Nh5 26. Rc1 Rd7 27. Nb6
Rb7 28. Nd5 hxg3 29. fxg3 Bf8 30. Rc8 f5 31. Bc5 fxe4+ 32. Kxe4 Nxg3+ 33. Kxe5
Rf7 34. Bxf8 Rxf8 35. Ne7+ Kg7 36. Rxf8 Kxf8 37. Nxg6+ Kf7 38. Nf4 Nf1 39. Kd4
Nd2 40. Kc3 Ne4+ 41. Kc4 Kf6 42. Nd3 Kg5 43. Kb5 Nd6+ 44. Kxa5 1-0

[Event "13th EICC"]
[Site "Plovdiv BUL"]
[Date "2012.03.31"]
[Round "11.62"]
[White "Rogozenco, Dorian"]
[Black "Lupulescu, Constantin"]
[Result "1/2-1/2"]
[WhiteTitle "GM"]
[BlackTitle "GM"]
[WhiteElo "2536"]
[BlackElo "2616"]
[WhiteFideId "1210319"]
[BlackFideId "1207822"]
[EventDate "2012.03.20"]
[EventType "swiss"]

1. Nf3 c5 2. c4 Nc6 3. Nc3 Nf6 4. g3 d5 5. d4 e6 6. cxd5 Nxd5 7. Bg2 cxd4 8.
Nxd4 Nxc3 9. bxc3 Nxd4 10. cxd4 Bb4+ 11. Bd2 Qxd4 12. Rb1 a5 13. Qc2 O-O 14.
Bxb4 axb4 15. O-O e5 16. e3 Qc3 17. Qe4 Rxa2 18. Qxb4 Qxb4 19. Rxb4 Ra5 20. Bxb7
Be6 21. h4 g6 22. Bf3 Rd8 23. Rfb1 Kg7 24. Rb5 Ra2 25. R1b2 Rxb2 26. Rxb2 h5 27.
Rb5 Kf6 28. Rb2 Kg7 29. Rb5 Kf6 30. Rb2 Kg7 31. Rb5 Kf6 32. Rb2 1/2-1/2

[Event "13th EICC"]
[Site "Plovdiv BUL"]
[Date "2012.03.31"]
[Round "11.64"]
[White "Macieja, Bartlomiej"]
[Black "Khmelniker, Ilya"]
[Result "1-0"]
[WhiteTitle "GM"]
[BlackTitle "GM"]
[WhiteElo "2605"]
[BlackElo "2523"]
[WhiteFideId "1104306"]
[BlackFideId "2805340"]
[EventDate "2012.03.20"]
[EventType "swiss"]

1. d4 Nf6 2. c4 g6 3. Nc3 d5 4. Nf3 Bg7 5. Qb3 dxc4 6. Qxc4 O-O 7. e4 Bg4 8. Be3
Nfd7 9. Qb3 Nb6 10. Rd1 e6 11. Be2 Nc6 12. Ng1 Bxe2 13. Ngxe2 Qe7 14. O-O Qb4
15. Qc2 Rad8 16. a3 Qc4 17. b3 Qa6 18. a4 Nb4 19. Qc1 Qa5 20. Bd2 c6 21. e5 Qa6
22. Bg5 Rd7 23. Ng3 N6d5 24. Nce4 Qa5 25. h4 Na2 26. Qa3 Nab4 27. Bd2 Rfd8 28.
Nc5 Rc7 29. Nge4 Qb6 30. a5 Qb5 31. Nd6 Rxd6 32. exd6 Rc8 33. Qa4 Qxa4 34. bxa4
b6 35. axb6 axb6 36. Bxb4 Nxb4 37. Nd7 Nd5 38. Ne5 Rd8 39. Nxc6 Rxd6 40. Rc1 Nf4
41. Rc4 Ne2+ 42. Kh1 Nxd4 43. Ne7+ Kf8 44. Nc8 Rd5 45. Nxb6 Rh5 46. g3 g5 47.
Rd1 e5 48. a5 gxh4 49. g4 Rh6 50. Rb1 1-0

[Event "13th EICC"]
[Site "Plovdiv BUL"]
[Date "2012.03.31"]
[Round "11.65"]
[White "Hovhannisyan, Robert"]
[Black "Heberla, Bartlomiej"]
[Result "1-0"]
[WhiteTitle "GM"]
[BlackTitle "GM"]
[WhiteElo "2600"]
[BlackElo "2525"]
[WhiteFideId "13302507"]
[BlackFideId "1115120"]
[EventDate "2012.03.20"]
[EventType "swiss"]

1. e4 c6 2. d4 d5 3. e5 Bf5 4. Nf3 e6 5. Be2 Nd7 6. O-O Bg6 7. Nbd2 Nh6 8. Nb3
Nf5 9. Bd2 h5 10. c4 dxc4 11. Na5 Qc8 12. Nxc4 Nb6 13. Bg5 Nxc4 14. Bxc4 Qd7 15.
Bd3 Be7 16. Bxf5 Bxf5 17. Bxe7 Qxe7 18. Nd2 Qb4 19. Nb3 O-O-O 20. a3 Qa4 21. Re1
Rd5 22. Rc1 Rhd8 23. Rc3 Rb5 24. Qxh5 Rxb3 25. Qd1 Rb4 26. axb4 Qxb4 27. Qe2
Rxd4 28. h3 Bd3 29. Qf3 Bg6 30. Ra1 Kb8 31. Rca3 a6 32. Rb3 Qc4 33. Qc3 Qd5 34.
Ra5 b5 35. Rxa6 Qxe5 36. Rb6+ Kc7 37. Rxc6+ Kd7 38. Rc7+ Kd8 39. Rc8+ Ke7 40.
Qc7+ Qxc7 41. Rxc7+ Kd6 42. Rb7 Bd3 43. Rxf7 1-0

[Event "13th EICC"]
[Site "Plovdiv BUL"]
[Date "2012.03.31"]
[Round "11.66"]
[White "Marin, Mihail"]
[Black "Kotronias, Vasilios"]
[Result "1/2-1/2"]
[WhiteTitle "GM"]
[BlackTitle "GM"]
[WhiteElo "2539"]
[BlackElo "2597"]
[WhiteFideId "1200020"]
[BlackFideId "5900212"]
[EventDate "2012.03.20"]
[EventType "swiss"]

1. d4 Nf6 2. Nf3 g6 3. g3 Bg7 4. Bg2 O-O 5. O-O d6 6. c4 Nbd7 7. Qc2 e5 8. Rd1
Qe7 9. Nc3 c6 10. e4 exd4 11. Nxd4 Re8 12. b3 Nc5 13. f3 Nfd7 14. Nce2 a5 15.
Rb1 Ne5 16. h3 h5 17. a3 Ne6 18. f4 Nxd4 19. Nxd4 Nd7 20. Bb2 Nc5 21. Re1 f5 22.
exf5 Bxd4+ 23. Bxd4 Qxe1+ 24. Rxe1 Rxe1+ 25. Kh2 Bxf5 26. Qd2 Re7 27. Bb2 Rae8
28. Qxd6 Re2 29. Qf6 R8e7 30. Kg1 Re1+ 31. Kh2 R1e2 32. Kg1 Re1+ 33. Kh2 R1e2
34. Kg1 1/2-1/2

[Event "13th EICC"]
[Site "Plovdiv BUL"]
[Date "2012.03.31"]
[Round "11.67"]
[White "Vajda, Levente"]
[Black "Holzke, Frank"]
[Result "0-1"]
[WhiteTitle "GM"]
[BlackTitle "GM"]
[WhiteElo "2597"]
[BlackElo "2508"]
[WhiteFideId "1203975"]
[BlackFideId "4600428"]
[EventDate "2012.03.20"]
[EventType "swiss"]

1. e4 e5 2. Nf3 Nc6 3. Bc4 Nf6 4. d3 Be7 5. Nc3 d6 6. a3 O-O 7. O-O h6 8. h3 Re8
9. d4 exd4 10. Nxd4 Bf8 11. Nxc6 bxc6 12. Qf3 Be6 13. Ba6 Bc8 14. Bd3 Be6 15.
Rd1 Nd7 16. Qg3 Kh8 17. Be3 Ne5 18. Be2 Bc4 19. Bd4 Qg5 20. Bg4 Nxg4 21. hxg4
Be6 22. f3 f5 23. exf5 Bxf5 24. Qf2 Bh7 25. Re1 a5 26. Rac1 d5 27. g3 Rxe1+ 28.
Rxe1 Qg6 29. Re2 Bd6 30. Qe3 Bxg3 31. f4 Bh4 32. f5 Qg5 33. Qf3 h5 34. Rg2 hxg4
35. Rxg4 Qc1+ 36. Kh2 Bf6 37. Bxf6 gxf6 38. Rh4 Rg8 39. Ne2 Qg5 40. Qh3 Rg7 41.
Kh1 Qd2 42. Qf1 Re7 43. Rh2 Qxc2 44. Ng3 Qa4 45. Re2 Qh4+ 46. Kg2 Rg7 47. Qf3 d4
48. Re1 Bg8 49. Kf2 Bd5 50. Qh5+ Qxh5 51. Nxh5 Rg2+ 52. Kf1 Rg5 53. Re8+ Bg8 54.
Nf4 Rxf5 55. Re4 c5 56. Ke2 Bf7 0-1

[Event "13th EICC"]
[Site "Plovdiv BUL"]
[Date "2012.03.31"]
[Round "11.68"]
[White "Pantsulaia, Levan"]
[Black "Jurcik, Marian"]
[Result "1/2-1/2"]
[WhiteTitle "GM"]
[BlackTitle "IM"]
[WhiteElo "2595"]
[BlackElo "2467"]
[WhiteFideId "13602071"]
[BlackFideId "14907518"]
[EventDate "2012.03.20"]
[EventType "swiss"]

1. d4 d5 2. c4 c6 3. cxd5 cxd5 4. Nc3 Nf6 5. Nf3 Nc6 6. Bf4 Bf5 7. e3 e6 8. Bd3
Bxd3 9. Qxd3 Bd6 10. Bxd6 Qxd6 11. O-O O-O 12. a3 a6 13. Rfc1 Rfc8 14. Rc2 Rc7
15. Rac1 Rac8 16. Ne2 Ne7 17. Rxc7 Rxc7 18. Rxc7 Qxc7 19. h3 Ne4 20. Nd2 Nxd2
21. Qxd2 Nf5 22. Qc3 Qxc3 23. Nxc3 Nd6 24. b3 Kf8 25. Kf1 Ke7 26. Ke2 Kd7 27.
Kd3 Kc6 28. Na2 a5 29. Nc3 Nb5 30. Nb1 Nd6 31. Nc3 Nb5 32. Nb1 b6 33. a4 Nd6 34.
Nc3 Kd7 35. Ke2 Ke7 36. Kd3 Kd7 37. Ke2 Kc6 38. Kd3 b5 39. axb5+ Nxb5 40. Ne2
Nd6 41. Nc3 Nb5 42. Ne2 1/2-1/2

[Event "13th EICC"]
[Site "Plovdiv BUL"]
[Date "2012.03.31"]
[Round "11.70"]
[White "Soffer, Ram"]
[Black "Banusz, Tamas"]
[Result "1-0"]
[WhiteTitle "GM"]
[BlackTitle "GM"]
[WhiteElo "2492"]
[BlackElo "2583"]
[WhiteFideId "2800101"]
[BlackFideId "722413"]
[EventDate "2012.03.20"]
[EventType "swiss"]

1. e4 e5 2. Nf3 Nc6 3. Bb5 Nf6 4. d3 d6 5. O-O Be7 6. c3 O-O 7. Nbd2 Bd7 8. Re1
Re8 9. a3 Bf8 10. Bc4 Be6 11. Bxe6 fxe6 12. Qb3 Rb8 13. Nf1 Qd7 14. Ng3 b5 15.
d4 exd4 16. cxd4 h6 17. Bd2 Nd8 18. Rad1 Qf7 19. Qc2 Rc8 20. e5 Nd5 21. Re4 Ne7
22. Rg4 Nf5 23. Bxh6 Nxg3 24. Rxg3 Qf5 25. Qe2 Qh5 26. Qxb5 Nf7 27. Bg5 Qh7 28.
Qe2 c5 29. exd6 Bxd6 30. Rh3 Qf5 31. Be3 c4 32. Nh4 Qd5 33. Rc1 Be7 34. Ng6 Bf6
35. Rh5 Qd7 36. Qc2 Qc6 37. Nf4 Nd6 38. Qh7+ Kf8 39. Rh6 Ne4 40. Rxf6+ 1-0

[Event "13th EICC"]
[Site "Plovdiv BUL"]
[Date "2012.03.31"]
[Round "11.72"]
[White "Bosiocic, Marin"]
[Black "Smirnov, Artem"]
[Result "1/2-1/2"]
[WhiteTitle "GM"]
[BlackTitle "IM"]
[WhiteElo "2562"]
[BlackElo "2436"]
[WhiteFideId "14507927"]
[BlackFideId "4143256"]
[EventDate "2012.03.20"]
[EventType "swiss"]

1. d4 Nf6 2. c4 g6 3. Nc3 Bg7 4. e4 d6 5. f4 O-O 6. Nf3 c5 7. d5 e6 8. Be2 exd5
9. cxd5 Bg4 10. O-O Nbd7 11. h3 Bxf3 12. Bxf3 Rb8 13. a4 a6 14. a5 Ne8 15. Qd3
Nc7 16. e5 dxe5 17. f5 c4 18. Qxc4 gxf5 19. Be3 Kh8 20. d6 Ne6 21. Bd5 Rc8 22.
Qa2 Nd4 23. Rad1 Nc5 24. Bxd4 exd4 25. Ne2 Qg5 26. Qa3 d3 27. Rxd3 Nxd3 28. Qxd3
Qd8 29. Bxb7 Rb8 30. Qxa6 Qd7 31. Bf3 Rxb2 32. Rd1 Qe6 33. Qd3 Rb3 34. Qd2 Rb2
35. Qd3 Rb3 36. Qd5 Qe3+ 37. Kh1 Ra3 38. d7 Rd8 39. Qxf5 Qb3 40. Nf4 Qa4 41. Re1
Ra1 42. Rxa1 Qxa1+ 43. Kh2 Qa2 1/2-1/2

[Event "13th EICC"]
[Site "Plovdiv BUL"]
[Date "2012.03.31"]
[Round "11.73"]
[White "Nabaty, Tamir"]
[Black "Lomsadze, Davit"]
[Result "1-0"]
[WhiteTitle "GM"]
[WhiteElo "2559"]
[BlackElo "2338"]
[WhiteFideId "2809052"]
[BlackFideId "13603450"]
[EventDate "2012.03.20"]
[EventType "swiss"]

1. d4 g6 2. e4 Bg7 3. Nc3 c6 4. Be3 Qb6 5. a3 Nf6 6. f3 d5 7. e5 Nfd7 8. f4 f6
9. Na4 Qa5+ 10. Qd2 Qxd2+ 11. Kxd2 b5 12. Nc3 a5 13. Nf3 Na6 14. Bd3 Nb6 15. b3
Bg4 16. Nh4 g5 17. exf6 exf6 18. fxg5 fxg5 19. Bxg5 O-O 20. Be3 c5 21. Nxb5 c4
22. bxc4 dxc4 23. Be4 c3+ 24. Kxc3 Rac8+ 25. Kd3 Be6 26. Rab1 Nc4 27. Bb7 Nc5+
28. dxc5 Rcd8+ 29. Bd4 Nxa3 30. Nd6 Bc4+ 31. Kc3 Bxd4+ 32. Kxd4 Bf7 33. Kc3 1-0

[Event "13th EICC"]
[Site "Plovdiv BUL"]
[Date "2012.03.31"]
[Round "11.74"]
[White "Popilski, Gil"]
[Black "Socko, Bartosz"]
[Result "1/2-1/2"]
[WhiteTitle "IM"]
[BlackTitle "GM"]
[WhiteElo "2389"]
[BlackElo "2647"]
[WhiteFideId "2809060"]
[BlackFideId "1107038"]
[EventDate "2012.03.20"]
[EventType "swiss"]

1. e4 e6 2. d4 d5 3. Nc3 Bb4 4. exd5 exd5 5. Bd3 Nc6 6. a3 Bxc3+ 7. bxc3 Be6 8.
Rb1 b6 9. Nf3 Nge7 10. O-O Bf5 11. Bxf5 Nxf5 12. Qe2+ Nfe7 13. c4 dxc4 14. Qxc4
O-O 15. Re1 Qd6 16. Qd3 Rad8 17. Bg5 f6 18. Be3 Nd5 19. Bd2 Rf7 20. g3 Nde7 21.
Rbd1 Qd7 22. Bc1 Na5 23. Bd2 Nac6 24. Bc1 Na5 25. Bd2 Qd5 26. Bxa5 Qxa5 27. c4
Qh5 28. Re6 Ng6 29. Rde1 Nf8 30. R6e4 Rfd7 31. Qc3 c6 32. a4 Qf7 33. h4 Rc7 34.
Qd3 Qh5 35. Kg2 Qf7 36. R1e2 Rdd7 37. R2e3 Re7 38. Qe2 Rxe4 39. Rxe4 Qd7 40. Qa2
Qf7 41. Qe2 Qd7 42. Qa2 Qf7 1/2-1/2

[Event "13th EICC"]
[Site "Plovdiv BUL"]
[Date "2012.03.31"]
[Round "11.76"]
[White "Guseinov, Gadir"]
[Black "Arnaudov, G. Petar"]
[Result "1/2-1/2"]
[WhiteTitle "GM"]
[BlackTitle "IM"]
[WhiteElo "2616"]
[BlackElo "2476"]
[WhiteFideId "13401378"]
[BlackFideId "2907127"]
[EventDate "2012.03.20"]
[EventType "swiss"]

1. e4 e5 2. Nf3 Nc6 3. Bb5 a6 4. Bxc6 dxc6 5. O-O Qf6 6. d4 exd4 7. Bg5 Qd6 8.
Qxd4 Qxd4 9. Nxd4 Bd7 10. Nc3 Ne7 11. Rad1 O-O-O 12. Rd2 h6 13. Bf4 Ng6 14. Bg3
Bb4 15. Rfd1 Bxc3 16. bxc3 h5 17. h3 h4 18. Bh2 c5 19. Nf3 Be6 20. a3 Rxd2 21.
Rxd2 Rd8 22. Rxd8+ Kxd8 23. Nd2 Kd7 24. Kf1 b5 25. Nb3 Kc6 26. f3 f5 27. Bg1
Bxb3 28. cxb3 f4 29. Bf2 a5 30. Ke2 a4 31. b4 Ne5 32. Bxc5 Nc4 33. Bd4 Nxa3 34.
Kd1 Nc4 35. Kc1 Ne3 36. Bxg7 Nxg2 37. Kb1 Kd6 38. Bh6 Ke5 39. Bg7+ Ke6 40. Kb2
c6 41. c4 bxc4 42. Bc3 Ne3 43. Kc1 a3 44. Bd4 Nf1 45. Kd1 a2 46. Ke2 Ne3 47. Kd2
Kd6 48. Kc1 Nf1 49. Kd1 Kc7 50. Ke2 Ne3 51. Kd2 Kb7 52. Kc1 Nf1 53. Kb2 Nd2 54.
Be5 c3+ 55. Bxc3 Nxf3 56. Bf6 Nd2 57. Bxh4 Nxe4 58. Kxa2 f3 59. Kb3 f2 60. Bxf2
Nxf2 61. h4 Ng4 62. h5 Kc7 63. Kc4 Kb6 64. Kd4 Kb5 65. Kc3 1/2-1/2

[Event "13th EICC"]
[Site "Plovdiv BUL"]
[Date "2012.03.31"]
[Round "11.77"]
[White "Cioara, Andrei-Nestor"]
[Black "Buhmann, Rainer"]
[Result "0-1"]
[WhiteTitle "IM"]
[BlackTitle "GM"]
[WhiteElo "2477"]
[BlackElo "2614"]
[WhiteFideId "1203509"]
[BlackFideId "4651340"]
[EventDate "2012.03.20"]
[EventType "swiss"]

1. d4 d5 2. c4 c6 3. Nf3 Nf6 4. Nc3 e6 5. g3 dxc4 6. Bg2 b5 7. Ne5 a6 8. O-O Bb7
9. a4 Be7 10. e4 O-O 11. Be3 Nbd7 12. f4 b4 13. Ne2 c5 14. Nxd7 Qxd7 15. dxc5
Rac8 16. Rc1 Bxc5 17. Bxc5 Qxd1 18. Rfxd1 Rxc5 19. Rd4 Rfc8 20. b3 a5 21. Rcxc4
Rxc4 22. bxc4 Ba6 23. e5 Ne8 24. Rd7 Bxc4 25. Nd4 Kf8 26. Be4 f5 27. Bf3 Ba2 28.
Rb7 Rd8 29. Nc6 Rd3 30. Be2 Rd2 31. Kf1 Bd5 32. Rb6 b3 33. Nxa5 b2 34. Ke1 Rc2
35. Bd3 Rxh2 36. Nb7 Be4 37. Bxe4 fxe4 38. Kd1 e3 39. Nc5 Rd2+ 40. Ke1 Rc2 41.
Nxe6+ Ke7 0-1

[Event "13th EICC"]
[Site "Plovdiv BUL"]
[Date "2012.03.31"]
[Round "11.78"]
[White "Kozul, Zdenko"]
[Black "Pancevski, Filip"]
[Result "1-0"]
[WhiteTitle "GM"]
[BlackTitle "IM"]
[WhiteElo "2602"]
[BlackElo "2470"]
[WhiteFideId "14502879"]
[BlackFideId "15002187"]
[EventDate "2012.03.20"]
[EventType "swiss"]

1. d4 Nf6 2. c4 g6 3. Nc3 d6 4. e4 Bg7 5. h3 O-O 6. Bg5 c5 7. d5 b5 8. cxb5 a6
9. a4 Qa5 10. Bd2 Qb4 11. Bd3 Nfd7 12. Nf3 c4 13. Bc2 Qxb2 14. Rb1 Qa3 15. Ne2
Nc5 16. O-O c3 17. Be3 axb5 18. axb5 f5 19. exf5 Bxf5 20. Nfd4 Nbd7 21. Nc6 Bxc2
22. Qxc2 Qa2 23. Rbc1 Qxc2 24. Rxc2 Kf7 25. Nxc3 Ra3 26. Ne2 Rfa8 27. Rb1 Ra1
28. Rcc1 Nb6 29. Nf4 Rxb1 30. Rxb1 Bh6 31. g3 Bxf4 32. gxf4 Ra3 33. Rc1 Ncd7 34.
Nd8+ Ke8 35. Ne6 Nxd5 36. Bd4 Ra8 37. b6 Rb8 38. b7 N5b6 39. Rc7 h6 40. Kh2 Nd5
41. Rc8+ Kf7 42. Nd8+ 1-0

[Event "13th EICC"]
[Site "Plovdiv BUL"]
[Date "2012.03.31"]
[Round "11.79"]
[White "Simacek, Pavel"]
[Black "Sulskis, Sarunas"]
[Result "0-1"]
[WhiteTitle "IM"]
[BlackTitle "GM"]
[WhiteElo "2447"]
[BlackElo "2596"]
[WhiteFideId "307165"]
[BlackFideId "12800112"]
[EventDate "2012.03.20"]
[EventType "swiss"]

1. e4 e5 2. Nf3 Nc6 3. Bb5 a6 4. Bxc6 dxc6 5. O-O f6 6. d4 Bg4 7. c3 Qe7 8. dxe5
fxe5 9. Be3 Nf6 10. h3 Bh5 11. Nbd2 O-O-O 12. Qa4 g5 13. Qa5 Re8 14. Bxg5 Rg8
15. Kh2 Bxf3 16. Nxf3 Qg7 17. Rg1 Nxe4 18. Bh4 Be7 19. Raf1 Bxh4 20. Nxh4 Nd2
21. Rd1 Qf6 22. Kh1 Ne4 0-1

[Event "13th EICC"]
[Site "Plovdiv BUL"]
[Date "2012.03.31"]
[Round "11.81"]
[White "Halkias, Stelios"]
[Black "Galopoulos, Nikolaos"]
[Result "1-0"]
[WhiteTitle "GM"]
[WhiteElo "2588"]
[BlackElo "2430"]
[WhiteFideId "4201809"]
[BlackFideId "4208951"]
[EventDate "2012.03.20"]
[EventType "swiss"]

1. Nf3 Nf6 2. c4 e6 3. g3 d5 4. d4 dxc4 5. Bg2 a6 6. Ne5 Bb4+ 7. Nc3 Nd5 8. O-O
Nxc3 9. bxc3 Bxc3 10. Rb1 Qxd4 11. Qa4+ b5 12. Qa3 Qxe5 13. Bf4 Qf6 14. Bxc7 b4
15. Qa5 b3 16. Qa3 a5 17. Bxa8 Bb4 18. Qc1 Ba6 19. axb3 O-O 20. bxc4 Rc8 21.
Bxb8 Rxb8 22. Bf3 Rc8 23. Rd1 Qe5 24. Qc2 g6 25. Qa4 Bxc4 26. Rbc1 Kg7 27. Qd7
Rc5 28. Qb7 Bb5 29. Rxc5 Bxc5 30. Kf1 Bb4 31. Rb1 Qc5 32. Qe4 Ba4 33. Qf4 Bc2
34. Rc1 e5 35. Qg5 f6 36. Qg4 Qd6 37. Qc4 Bf5 38. Be4 Bh3+ 39. Bg2 Bd7 40. Qc7
Kf7 41. Qb7 Qd2 42. Bd5+ Ke8 43. Rc8+ Bxc8 44. Qxc8+ Ke7 45. Qc7+ Ke8 46. Qc6+
Kd8 47. Qxf6+ Be7 48. Qb6+ Ke8 49. Qc6+ Kd8 50. Qa8+ Kd7 51. Qb7+ Ke8 52. Qc8+
Bd8 53. Qc6+ Kf8 54. Qd6+ Be7 55. Qxe5 Ke8 1-0